=LDR 00000nam 2200000 4500 =001 NUTBA000000000001455 =005 20200218073257 =035 ##$$a 0010-041400000000725 =008 200218################g##########0#ind## =020 ##$$a 978-602-17308-4-3 =082 ##$$a 153.93 =100 ##$$a Tuhana Taufiq Andianto =245 1#$$a Cara cerdas melejitkan IQ kreatif anak /$c Tuhana Taufiq Andrianto =260 ##$$a Jogjakarta :$b Katahati,$c 2013 =850 ##$$a nbpnmat =084 ##$$a 153.93 TUH c =300 ##$$a 260 hlm ; $c 20 x 14 cm. =500 ##$$a Bibliografi; hlm251-254 =650 #4$$a Anak - IQ =542 ##$$a indeks; hlm.255-260 =990 ##$$a 21195334/BPAP-NTB/2014 =990 ##$$a 21305101 =990 ##$$a 21305099 =990 ##$$a 21305103 =990 ##$$a 21305100 =990 ##$$a 30503102 =990 ##$$a 21195334/BPAP-NTB/2014 =990 ##$$a 21305101 =990 ##$$a 21305099 =990 ##$$a 21305103 =990 ##$$a 21305100 =990 ##$$a 30503206 =990 ##$$a 21195334/BPAP-NTB/2014 =990 ##$$a 21305101 =990 ##$$a 21305099 =990 ##$$a 21305103 =990 ##$$a 21305100 =990 ##$$a 30503102 =990 ##$$a 30503206 =990 ##$$a 21195334/BPAP-NTB/2014 =990 ##$$a 21305101 =990 ##$$a 21305099 =990 ##$$a 21305103 =990 ##$$a 21305100 =990 ##$$a 30503102 =990 ##$$a 21305102 =990 ##$$a 30503206 =990 ##$$a 21305101 =990 ##$$a 21305099 =990 ##$$a 21305103 =990 ##$$a 21305100 =990 ##$$a 30503102 =990 ##$$a 21305103 =990 ##$$a 30503206 =990 ##$$a 21305102 =990 ##$$a 21305101 =990 ##$$a 21305099 =990 ##$$a 21305100 =990 ##$$a 30503102 =990 ##$$a 21305103 =990 ##$$a 30503206 =990 ##$$a 21305102 =990 ##$$a 21305101 =990 ##$$a 21305099 =990 ##$$a 21305100 =990 ##$$a 51800090 =990 ##$$a 30503206 =990 ##$$a 21305102 =990 ##$$a 21305101 =990 ##$$a 21305099 =990 ##$$a 21305103 =990 ##$$a 21305100